History and Development of Quality of Health Care

Guardado en:
Detalles Bibliográficos
Autor principal: Ďuricová, Jana
Otros Autores: Pachta, Miloš
Formato: Capítulo de libro
Lenguaje:inglés
Materias:
Etiquetas: Agregar Etiqueta
Sin Etiquetas, Sea el primero en etiquetar este registro!

MARC

LEADER 00000nla a2200000 4500
001 0240638
005 20240502073921.1
041 0 |a eng 
044 |a SK 
245 1 0 |a History and Development of Quality of Health Care  |c Jana Ďuricová, Miloš Pachta 
500 |a Abstrakt 
610 2 0 |a vývoj 
610 2 0 |a starostlivosť zdravotná 
610 2 0 |a história 
610 2 0 |a zdravie 
610 2 0 |a zdravotníctvo 
100 1 |a Ďuricová, Jana 
700 1 |a Pachta, Miloš